Datum a čas kvízu
15
Celkem bodů
Celkový počet nahraných bodů na tomto kvízu bez doplňovacích otázek.
5.
Pořadí na kvízu
Konečné umístění týmu na tomto kvízu.
Zaznamenané odpovědi
| # | Otázka | Odpověď | Body | Výsledky |
|---|---|---|---|---|
| 1. | Tým CNN Prima News bude posíle... | Markéta Fialová | 1 | |
| 2. | Česká komisařka Věra Jourová s... | hodnoty a transparentnost | 0 | |
| 3. | Kanadská spisovatelka Margaret... | Příběh služebnice | 1 | |
| 4. | Společnost Apple minulé úterý... | iPhone 11 Pro | 0 | |
| 5. | Kdeže jsou ty časy, kdy naši t... | Bosna a Hercegovina | 0 | |
| 6. | Když už jsme tu měli minulý tý... | dopamin | 0 | |
| 7. | Erós je řeckým bohem lásky. Ja... | Arés, Afrodita | 0.5 | |
| 8. | Příponu -filie mají různá slov... | Viktorie | 0 | |
| 9. | Láska je samozřejmě nevyčerpat... | 1A 2B 3C 4D | 0 | |
| 10. | Jak se jmenuje herečka, která... | Gwyneth Paltrow | 0 |